| 000 | 00879cam a2200277 a 4500 | ||
|---|---|---|---|
| 001 | 15442066 | ||
| 005 | 20180226033542.0 | ||
| 008 | 080521s2009 nyuab b 001 0 eng | ||
| 010 | _a 2008021624 | ||
| 020 | _a9780195340532 | ||
| 020 | _a0195340531 | ||
| 035 | _a(OCoLC)ocn229467403 | ||
| 035 | _a(OCoLC)229467403 | ||
| 040 |
_aDLC _cDLC _dDLC |
||
| 041 | _aeng | ||
| 043 |
_ae------ _afb----- _af------ |
||
| 080 | _a303.4867040903 NOR | ||
| 082 | 0 | 0 |
_a303.4867040903 NOR _222 |
| 100 | 1 | _a16 | |
| 101 | _aHIS | ||
| 245 | 1 | 0 |
_aAfrica's discovery of Europe : _cDavid Northrup. |
| 504 | _aIncludes bibliographical references and index. | ||
| 906 |
_a7 _bcbc _corignew _d1 _eecip _f20 _gy-gencatlg |
||
| 942 |
_2ddc _cBK |
||
| 999 |
_c43393 _d43393 |
||